Abbreviation Speedrun - Level 2 - Statistics

General Stats
  • This quiz has been taken 8 times
  • The average score is 5 of 15
Answer Stats
Sentence Abbreviation % Correct
Happiness of people depends on family HOPDOF
100%
Jelly and peanuts are nasty JAPAN
100%
Minecraft has rocks everywhere MHRE
100%
Paper is bad for recycling PIBFR
60%
The biggest star of the universe TBSTU
60%
Germany only oppresses dingleberries GOOD
40%
Because ribs of all zebras initially live BRAZIL
20%
Ice cream is best when melting ICIBWM
20%
Mitochondrias are the powerhouse of the cell MATPTC
20%
Hello there mighty good sir HTMGS
0%
Python is really hard to code PIRHTC
0%
Today is just another day of the week TIJADTW
0%
This last one is easy TLOIE
0%
Violins invented energy transfer, not a man VIETNAM
0%
We are all of one family WAAOF
0%
No matching quizzes found
Score Distribution
Percent of People with Each Score
Percentile by Number Answered
Your Score History
You have not taken this quiz